| 000 | 01503cam a2200361 a 4500 | ||
|---|---|---|---|
| 001 | 14423918 | ||
| 003 | ARRUPE | ||
| 005 | 20130425211928.0 | ||
| 008 | 060622s2005 enkb g b 001 0 eng | ||
| 010 | _a 2006296470 | ||
| 015 |
_aGBA550597 _2bnb |
||
| 016 | 7 |
_a013220823 _2Uk |
|
| 020 | _a9780340740323 | ||
| 020 | _a0340740329 (pbk.) | ||
| 035 | _a(OCoLC)ocm60667883 | ||
| 040 |
_aUKM _cUKM _dBAKER _dC#P _dDLC |
||
| 042 | _alccopycat | ||
| 050 | 0 | 0 |
_aD860 _b.D63 2005 |
| 082 | 0 | 4 |
_a909.829 _222 |
| 100 | 1 |
_aDockrill, Saki. _931 |
|
| 245 | 1 | 4 |
_aThe end of the Cold War era : _bthe transformation of the global security order / _cSaki Ruth Dockrill. |
| 260 |
_aLondon : _bHodder Arnold ; _aNew York, NY : _bDistributed in the United States of America by Oxford University Press, _c2005. |
||
| 300 |
_axxiv, 280 p. : _bmaps ; _c24 cm. |
||
| 504 | _aIncludes bibliographical references (p. 259-274) and index. | ||
| 650 | 0 |
_aWorld politics _y1989- _932 |
|
| 650 | 0 |
_aSecurity, International. _933 |
|
| 856 | 4 | 1 |
_3Table of contents only _uhttp://www.loc.gov/catdir/toc/fy0613/2006296470.html |
| 856 | 4 | 2 |
_3Contributor biographical information _uhttp://www.loc.gov/catdir/enhancements/fy0724/2006296470-b.html |
| 856 | 4 | 2 |
_3Publisher description _uhttp://www.loc.gov/catdir/enhancements/fy0724/2006296470-d.html |
| 906 |
_a7 _bcbc _ccopycat _d2 _encip _f20 _gy-gencatlg |
||
| 942 |
_2lcc _cMONOGRAPH |
||
| 999 |
_c117758 _d117758 |
||